000 00408nam a2200169Ia 4500
001 35848
003 IN-NITTTR
005 20251114232910.0
008 251113s9999||||xx |||||||||||||| ||eng||
040 _beng
040 _cIN-NITTTR
041 _aeng
082 _a025.43 B322I
100 _aBatty, C. D.
245 3 _aAn introduction to the Dewey Decimal Classification /
_cBatty, C. D.
942 _2ddc
_cBK
999 _c1344
_d1344